| Tag |
First Indicator |
Second Indicator |
Subfields |
| LEADER |
00000pam a2200000 i 4500 |
| 001 |
in00000366191 |
| 005 |
20160108111244.0 |
| 008 |
760812s1976 nyu b 00110 eng |
| 010 |
|
|
|a 75025121
|
| 020 |
|
|
|a 0824019717 :
|c $28.00
|
| 035 |
|
|
|a (OCoLC)02423829
|
| 035 |
|
|
|9 ABP4911AM
|
| 040 |
|
|
|a DLC
|c DLC
|d TXA
|d UtOrBLW
|
| 041 |
0 |
|
|a eng
|a paw
|
| 049 |
|
|
|a TXAM
|c [1535938]
|
| 050 |
0 |
0 |
|a PM2137
|b .P3
|
| 082 |
0 |
|
|a 497/.5
|
| 100 |
1 |
|
|a Parks, Douglas R.
|q (Douglas Richard),
|d 1942-
|
| 245 |
1 |
2 |
|a A grammar of Pawnee /
|c Douglas R. Parks.
|
| 264 |
|
1 |
|a New York :
|b Garland Pub.,
|c 1976.
|
| 300 |
|
|
|a xiii, 361 pages ;
|c 21 cm.
|
| 336 |
|
|
|a text
|b txt
|2 rdacontent
|
| 337 |
|
|
|a unmediated
|b n
|2 rdamedia
|
| 338 |
|
|
|a volume
|b nc
|2 rdacarrier
|
| 490 |
1 |
|
|a Garland studies in American Indian linguistics
|
| 500 |
|
|
|a A revision of the author's thesis, University of California, Berkeley.
|
| 500 |
|
|
|a Includes index.
|
| 504 |
|
|
|a Bibliography: pages 8-11.
|
| 650 |
|
0 |
|a Pawnee language
|x Grammar.
|
| 830 |
|
0 |
|a Garland studies in American Indian linguistics.
|
| 999 |
|
|
|a MARS
|
| 999 |
f |
f |
|s 557c5798-bfe9-307d-a67f-38e358c33b16
|i 8f0b5c6c-3bf0-3722-a2b6-21a5e2e1f067
|t 0
|
| 952 |
f |
f |
|p ric
|a Texas A&M University
|b Rellis Campus
|c Joint Library Facility
|s JLF
|d Remote Storage
|t 0
|e PM2137 .P3
|h Library of Congress classification
|i unmediated -- volume
|m A14803652756
|
| 998 |
f |
f |
|a PM2137 .P3
|t 0
|l Remote Storage
|